Central Library OPAC University of Rajshahi

Chromosomes / (Record no. 11258)

MARC details
000 -LEADER
fixed length control field 00774nam a22002657a 4500
001 - CONTROL NUMBER
control field 11258
003 - CONTROL NUMBER IDENTIFIER
rucl marc code BD-RjUL
005 - DATE AND TIME OF LATEST TRANSACTION
control field 20211208235109.0
008 - FIXED-LENGTH DATA ELEMENTS--GENERAL INFORMATION
fixed length control field 140126s1991 ii a|||| |||| 001 0 eng d
020 ## - INTERNATIONAL STANDARD BOOK NUMBER
International Standard Book Number 8120400011
035 ## - SYSTEM CONTROL NUMBER
System control number (BD-RjUL)11307
040 ## - CATALOGING SOURCE
Original cataloging agency BD-RjUL
Language of cataloging eng
Transcribing agency BD-RjUL
041 ## - LANGUAGE CODE
Language code of text/sound track or separate title eng
082 04 - DEWEY DECIMAL CLASSIFICATION NUMBER
Edition number 19
Classification number 574.87322
Author mark and year SHC 1991
100 1# - MAIN ENTRY--PERSONAL NAME
Personal name Sharma, Archana
9 (RLIN) 34790
245 1# - TITLE STATEMENT
Title Chromosomes /
Statement of responsibility, etc. Archana Sharma
250 ## - EDITION STATEMENT
Edition statement 3rd ed
260 ## - PUBLICATION, DISTRIBUTION, ETC. (IMPRINT)
Place of publication, distribution, etc. New Delhi :
Name of publisher, distributor, etc. Oxford & IBH,
Date of publication, distribution, etc. c1991.
300 ## - PHYSICAL DESCRIPTION
Pagination xi, 432 p. :
Illustrations ill. ;
Size 22 cm.
504 ## - BIBLIOGRAPHY, ETC. NOTE
Bibliography, etc Includes index.
650 ## - SUBJECT ADDED ENTRY--TOPICAL TERM
Topical term or geographic name as entry element Chromosomes. .
9 (RLIN) 34119
Topical term or geographic name as entry element Genetics
9 (RLIN) 34839
856 ## - ELECTRONIC LOCATION AND ACCESS
Materials specified WorldCat
Uniform Resource Identifier <a href="http://www.worldcat.org/title/chromosomes/oclc/26701297&referer=brief_results">http://www.worldcat.org/title/chromosomes/oclc/26701297&referer=brief_results</a>
942 ## - ADDED ENTRY ELEMENTS (KOHA)
Source of classification or shelving scheme Dewey Decimal Classification
Koha item type Books
Holdings
Lost status Source of classification or shelving scheme Damaged status Not for loan Collection code Permanent Location Current Location Shelving location Date acquired Source of acquisition Cost, normal purchase price Total Checkouts Full call number Date last seen Copy number Koha item type
  Dewey Decimal Classification     Non-fiction Central Library, University of Rajshahi Central Library, University of Rajshahi   06/09/1997 Aligarh library, Dhaka 135.00   574.87322 SHC 1991 26/01/2014 C-4 Books